000 01685cam a22003255a 4500
001 L159601
008 170725s2017 xxk f 000 0 eng d
035 _a(Sirsi) u159601
041 0 _aeng
110 2 _aRoyal Institution of Chartered Surveyors
_94900
245 0 0 _aArtificial intelligence
_bwhat it means for the built environment
_h[archived]
260 _aLondon
_bRICS
_c2017
300 _a27p.
490 0 _aRICS Insight
490 0 _aRICS Research
500 _aArchived in September 2023 as whilst some concepts were still relevant, technology and the market had changed in the years since published.
520 _aExplores the impact of using artificial intelligence (AI) in the built environment, and the urgent need for industry professionals to understand how it will influence their role, as the future will rely less on human labour and more on technology. The paper highlights facilities management (FM) as facing a significant impact of AI, due to the labour-intensive and repetitive nature of many FM jobs, making it an ideal place for automation of previously human-dominated tasks. However, the report weighs up the positives and negatives of such changes and how companies should deal with them.
590 _aNTK
650 2 4 _aIT
650 2 4 _aARTIFICIAL INTELLIGENCE
650 2 4 _aBUILT ENVIRONMENT
650 2 4 _aDISRUPTIVE TECHONOLOGY
650 2 4 _aFacilities management
_96240
651 _aUnited Kingdom
700 1 _aHoar, Chris
700 1 _aAtkin, Brian
700 1 _aKing, Katie
856 4 0 _uhttps://www.rics.org/profession-standards/knowledge-and-information-services
_zEmail [email protected] for a copy
942 _n0
_2ddc
999 _c116038
_d116038